| 000 | 00500nam a2200193Ia 4500 | ||
|---|---|---|---|
| 999 |
_c28486 _d28486 |
||
| 003 | OSt | ||
| 005 | 20250603112701.0 | ||
| 008 | 250310s9999||||xx |||||||||||||| ||und|| | ||
| 040 | _c. | ||
| 082 |
_a623.87 _bS6421 |
||
| 100 |
_91573 _aSmith, David W. |
||
| 245 | 0 |
_aMarine auxiliary machinery / _cDavid W. Smith |
|
| 250 | _a6th ed. | ||
| 260 |
_aLondon : _bButterworths, _c1983. |
||
| 300 | _aix, 477 p. | ||
| 490 | _aMarine Engineering Series | ||
| 650 | 0 |
_9198 _aMarine Engines |
|
| 942 |
_cBK _2ddc |
||